| 000 | 00743nam a22002177a 4500 | ||
|---|---|---|---|
| 003 | OSt | ||
| 005 | 20131126170303.0 | ||
| 008 | 130509s1994 f ||||| |||| 00| 0 fre d | ||
| 020 | _a28590000941 | ||
| 040 | _cCDMR | ||
| 245 | 0 | 0 | _aAbrégé du droit de la presse |
| 250 | _a4a ed. | ||
| 260 |
_aParis _bCentre du Formation et de Perfectionnement des Journalistes _c[1994] |
||
| 300 | _a131 p. | ||
| 490 |
_aLes guides du CFPJ _v4 |
||
| 650 | 0 | 4 |
_94149 _aEmpreses periodístiques _xDret i legislació _zFrança |
| 650 | 0 | 4 |
_93370 _aMitjans de comunicació de massa _xDret i legislació |
| 650 | 0 | 4 |
_92767 _aPeriodistes _xSituació legal, lleis, etc |
| 710 | 2 |
_91069 _aCentre de Formation et de Perfectionnement des Journalistes |
|
| 942 |
_2udc _cMON |
||
| 999 |
_c6205 _d6205 |
||